Engineering chemistry (Record no. 4917)
[ view plain ]
| 000 -LEADER | |
|---|---|
| fixed length control field | 00491nam a2200157Ia 4500 |
| 003 - CONTROL NUMBER IDENTIFIER | |
| control field | SGT |
| 020 ## - INTERNATIONAL STANDARD BOOK NUMBER | |
| International Standard Book Number | 9780070669321 |
| 082 ## - DEWEY DECIMAL CLASSIFICATION NUMBER | |
| Classification number | 540 |
| Item number | SIV |
| 100 ## - MAIN ENTRY--PERSONAL NAME | |
| Personal name | Sivasankar,B |
| 245 ## - TITLE STATEMENT | |
| Title | Engineering chemistry |
| 260 ## - PUBLICATION, DISTRIBUTION, ETC. (IMPRINT) | |
| Name of publisher, distributor, etc | Tata McGraw Hill Education Private Limited |
| Place of publication, distribution, etc | New Delhi |
| Year of Publication | 2008 |
| 300 ## - PAGE DESCRIPTION | |
| No. of Pages | 565p. |
| 650 ## - SUBJECT ADDED ENTRY--TOPICAL TERM | |
| Topical term or geographic name as entry element | ENGINEERING CHEMISTRY |
| 653 ## - KEYWORDS--INDEX TERM | |
| Keyword term | THERMODYNAMICS,PHASE RULE,SOLID STATE,ELECTROCHEMISTRY,ADSORPTION,KINETIC OF CHEMICAL REACTIONS,ORGANIC REACTIONS POLYMERS |
| 942 ## - ADDED ENTRY ELEMENTS (KOHA) | |
| Source of classification or shelving scheme | Dewey Decimal Classification |
| Koha item type | Books |
| Withdrawn status | Lost status | Source of classification or shelving scheme | Damaged status | Not for loan | Home library | Current library | Date acquired | SGTU | Total Checkouts | Full call number | Accession No. (Barcode) | Date last seen | Date last borrowed | Bill Date | Koha item type | Total Renewals | Use restrictions | Collection code | Shelving location |
|---|---|---|---|---|---|---|---|---|---|---|---|---|---|---|---|---|---|---|---|
| Dewey Decimal Classification | SGT Engineering Library | SGT Engineering Library | 28/04/2010 | SGTU | 5 | 540 SIV | FE952 | 10/12/2018 | 17/11/2018 | 09/02/2015 | Books | ||||||||
| Dewey Decimal Classification | SGT Engineering Library | SGT Engineering Library | 28/04/2010 | SGTU | 12 | 540 SIV | FE953 | 07/12/2020 | 16/03/2020 | 09/02/2015 | Books | 1 | |||||||
| Dewey Decimal Classification | SGT Engineering Library | SGT Engineering Library | 28/04/2010 | SGTU | 540 SIV | FE954 | 09/02/2015 | 09/02/2015 | Books | Restricted Access | ENGINEERING | Reference Book |